| 000 | 00365pam a2200157 a 4500 | ||
|---|---|---|---|
| 020 | _c | ||
| 040 | _aHYDR_500046 | ||
| 041 | _aeng | ||
| 082 |
_a574.87 _bROB |
||
| 100 | _aDe Robertis, E D P | ||
| 245 |
_aCell and molecular biology. _hTextual Documents |
||
| 250 | _a8th ed | ||
| 260 |
_aPhiladelphia _bLea and Febiger _c1988 |
||
| 300 | _a734p. | ||
| 930 | _a10955 | ||
| 999 |
_c87859 _d87859 |
||